Plasma methadone measurements and their role in methadone maintenance treatment

Bibliographic Details
Main Authors: Valentová, Jindra, 1968- (Author), Vlckova, Z. (Author), Okruhlica, Ľubomír, 1952- (Author), Klempová, D. (Author), Devínsky, Ferdinand, 1947- (Author)
Format: Article
Language:Slovak
English
ISSN:0006-9248
Subjects:

MARC

LEADER 00000nab a2200000 a 4500
001 vtls000834866
003 SK-MaSNL
005 20260304123508.0
008 250429c2002 xo 0 slo
015 |a SNBRB2003/05-ccccc 
035 |a CLN000186521 
035 |a urn:nbn:sk:snk-abq5r 
035 |a (urnnbn)urn:nbn:sk:snk:ar-a03frk 
035 |a (uuid)c782e108-c1ba-435e-bd67-66f0d80e7862 
040 |a SNKBUCL  |b slo  |c SNKBUCL  |e AACR2 
041 0 |a eng 
044 |a xo  |c SK 
080 |a 616.896.1/.9  |2 1997 
245 0 0 |a Plasma methadone measurements and their role in methadone maintenance treatment  |c J. Valentova ... [et al.] 
650 0 7 |a metadón  |x aplikácia a dávkovanie  |x analýza  |x krv  |2 snkbucl  |9 1432538 
650 0 7 |a prípravky farmaceutické  |x aplikácia a dávkovanie  |2 snkbucl  |9 1432539 
650 0 7 |a systémy medikácie  |x klasifikácia  |2 snkbucl  |9 1432540 
650 0 7 |a monitorovanie ambulantné  |x metódy  |x trendy  |2 snkbucl  |9 1432541 
650 0 7 |a detoxikácia liekov, metabolická  |2 snkbucl  |9 1432542 
650 0 7 |a abstrakty z kongresu  |2 snkbucl  |9 168204 
655 7 |a články z novín a časopisov  |2 snkbucl  |9 267496 
700 1 |a Valentová, Jindra,  |d 1968-  |4 aut  |9 239818 
700 1 |a Vlckova, Z.  |4 aut  |9 1229024 
700 1 |a Okruhlica, Ľubomír,  |d 1952-  |4 aut  |9 197604 
700 1 |a Klempová, D.  |4 aut  |9 1127694 
700 1 |a Devínsky, Ferdinand,  |d 1947-  |4 aut  |9 105032 
773 0 |t Bratislavské lekárske listy  |g Roč. 103, č. 9 (2002), s. 299-300  |x 0006-9248 
850 |a Slovenská národná knižnica 
852 |a Slovenská národná knižnica 
958 |a article27 
958 |a MI 
958 |a OND 
958 |a EUIPO 
992 |a RBX 
999 |c 2889580  |d 2891510